00402nam a2200157Ia 450000500170000000800410001702000160005804000190007404100120009308200160010510000190012124500500014026000320019030000120022285000100023420230405102135.0131103s9999 xx 000 0 und d a007642136 1 aLoreto College aEnglish a823.08bBLU aBlundell,Nigel 4aThe world's greatest mistakescNigel Blundell aLondonbOctopus Booksc1987 a223 p.  aLCLIB